000 00855nam a22003017a 4500
001 174
003 FISKH
005 20230629080622.0
008 230301b cb ||||| |||| 00| 0 eng d
020 _a9780516460383
040 _aDLC
_cDLC
_dDLC
_dFISKH
_beng
042 _alcac
050 0 0 _aGC21.5
_b.F69 1995
082 0 0 _a551.46
_220
100 1 _aFowler, Allan.
245 1 4 _aThe earth is mostly ocean /
_cby Allan Fowler ; consultants, Robert L. Hillerich ... [et al.].
260 _aChicago
_bChildren's Press
_c1995
300 _a31 p. :
_bcol. ill. ;
_c19 cm.
440 0 _aRookie read-about science
500 _aIncludes index.
505 _aK
521 8 _a580
_bLexile
521 8 _aK
_bRaz-Plus
650 0 _aOcean
_xJuvenile literature.
650 1 _aOcean.
906 _a7
_bcbc
_corignew
_d1
_eocip
_f19
_gy-gencatlg
942 _2ddc
_cBK
_n0
999 _c174
_d174